Численные методы в примерах и задачах: учебное пособие

Библиографические подробности
Главный автор: Киреев В. И. Владимир Иванович
Другие авторы: Пантелеев А. В. Андрей Владимирович
Примечания:На каталожных карточках чит. каталогов ошибочно: Киреев Андрей Владимирович и Пантелеев Владимир Иванович
Язык:русский
Опубликовано: Москва, Высшая школа, 2004
Серии:Прикладная математика для ВТУЗов
Предметы:
Формат: Книга
Запись в KOHA:https://koha.lib.tpu.ru/cgi-bin/koha/opac-detail.pl?biblionumber=74425

MARC

LEADER 00000nam0a2200000 4500
001 74425
005 20231031085333.0
010 |a 5060047636 
035 |a (RuTPU)RU\TPU\book\79375 
090 |a 74425 
100 |a 20050304d2004 m y0rusy50 ca 
101 0 |a rus 
102 |a RU 
105 |a a j 001zy 
200 1 |a Численные методы в примерах и задачах  |e учебное пособие  |f В. И. Киреев, А. В. Пантелеев 
210 |a Москва  |c Высшая школа  |d 2004 
215 |a 480 с.  |c ил. 
225 1 |a Прикладная математика для ВТУЗов 
300 |a На каталожных карточках чит. каталогов ошибочно: Киреев Андрей Владимирович и Пантелеев Владимир Иванович 
320 |a Библиогр.: с. 477-480. 
451 1 |0 (RuTPU)RU\TPU\book\127508  |y 5-06-004763-6  |t Численные методы в примерах и задачах  |o учебное пособие  |f В. И. Киреев, А. В. Пантелеев  |e 2-е изд., стер.  |c М.  |n Высшая школа  |d 2006  |p 480 с.  |s Прикладная математика для ВТУЗов  |a Киреев, Владимир Иванович 
610 1 |a высшая математика 
610 1 |a учебные пособия 
610 1 |a примеры 
610 1 |a задачи 
610 1 |a решения 
610 1 |a численные методы 
610 1 |a численный анализ 
610 1 |a алгебра 
610 1 |a линейные алгебраические уравнения 
610 1 |a собственные значения 
610 1 |a собственные векторные матрицы 
610 1 |a нелинейные системы 
610 1 |a нелинейные уравнения 
610 1 |a приближения 
610 1 |a методы 
610 1 |a численное дифференцирование 
610 1 |a численное интегрирование 
610 1 |a обыкновенные дифференциальные уравнения 
610 1 |a задача Коши 
610 1 |a краевые задачи 
610 1 |a частные производные 
610 1 |a математическая физика 
610 1 |a теории 
675 |a 519.6(076)  |v 3 
700 1 |a Киреев  |b В. И.  |g Владимир Иванович 
701 1 |a Пантелеев  |b А. В.  |g Андрей Владимирович 
801 1 |a RU  |b 63413507  |c 20050304  |g PSBO 
801 2 |a RU  |b 63413507  |c 20140320  |g PSBO 
900 |a Численные методы 
942 |c BK 
951 |a 550000  |b 010000